Sports Quiz

Random Sports or College Quiz
Score 0/20 Timer 07:00
2 Plays Today
Hint Answer % Correct
StateIndiana
95.6%
Primary RivalIndiana
95.6%
Team ColorBlack
94.5%
Team ColorOld Gold
94.3%
ConferenceBig 10
93.3%
NicknameBoilermakers
93%
Famous Alum: QB Drew _____Brees
90.3%
No. of Men's Varsity Sports9
81.8%
No. of Women's Varsity Sports9
81.8%
CityWest Lafayette
72.9%
Hint Answer % Correct
Sport w/ most NCAA ChampionshipsGolf (1)
69.2%
Primary RivalNotre Dame
69.2%
Basketball ArenaMackey Arena
65.5%
Famous Alum: QB ___ DawsonLen
62.8%
MascotPurdue Pete
51.7%
Football StadiumRoss-Ade Stadium
44.8%
Fight SongHail Purdue!
34.5%
MascotBoilermaker Special
28.7%
Baseball StadiumAlexander Field
19.3%
Athletic DirectorMike Bobinski
17.9%
Remove Ads.
Support Sporcle.
Get the best of Sporcle when you Go Orange. This ad-free experience offers more features, more stats, and more fun while also helping to support Sporcle. Thank you for becoming a member.

You're not logged in!

Compare scores with friends on all Sporcle quizzes.
OR
Log In

Show Comments

Extras

Top Quizzes Today


Score Distribution

Your Account Isn't Verified!

In order to create a playlist on Sporcle, you need to verify the email address you used during registration. Go to your Sporcle Settings to finish the process.

Report this User

Report this user for behavior that violates our Community Guidelines.

Details: